000 00401nam a2200145Ia 4500
008 231217s9999 xx 000 0 und d
041 _aEnglish
082 _a001.6424JAV REB `R'
100 _aRebelsky, Samuel A
245 0 _aExperiments in Java : An introductory lab manual
260 _c2000
_bMassachusetts : Addison-Wesley,
300 _axxvii+444
650 _aJava Lab manual
942 _cAA
999 _c167263
_d167263